1048 1069 1150 1700 1709 1293 1817 1447 1333 1386 1819 1691 1512 1670 1987 1434 1082 1421 1314 1543 1657 1933 1188 1400 1020 1449 1648 1324 1398 1131 1783 1419 1070 1098 1962 1406 1479 1092 1718 1188 1279 1578 1778 1088 1896 1560 1786 1544 1820 1240 1284 1400 1986 1430 1986 1442 1256 1193 1923 1209 1502 1497 1749 1144 1683 1350 1030 1731 1243 1720 1780 1495 1183 1070 1970 1925 1049 1759 1463 1366 1287 1114 1467 1334 1006 1941 1216 1823 1123 1506 1172 1565 1853 1019 1227 1462 1102 1833 1421 BCNSPRNW ULIB Ver.6.0+V

เปลี่ยนเป็นภาษาไทย

Change to English
 แสดงรายละเอียดบรรณานุกรม
  กลับหน้าหลัก

Brief Record : Get Marc (ISO 2709) : E-mail record : QR code < ปิดหน้าต่าง
LEADER : 00000nam 2200000uu 4500
001    13399114568
003     ULIB
008    120418s2549||||th 000 0 tha d
020    ^a9749949366
090    ^aนว.^bภ160ก 2549
100 0  ^aกุมภา
245 00 ^aกว่าจะมาเป็นรัก/^cกุมภา
250    ^aพิมพ์ครั้งที่ 1
260    ^aกรุงเทพฯ :^bเกิร์ลเฟรนด์,^c2549
300    ^a160 หน้า
710 1  ^aเกิร์ลเฟรนด์
945    ^p140^l0^i24724
995    ^aกัณชพร
999    ^aใช้งานได้ทุกระบบ
รายการนี้ยังไม่มีแท็ก
คุณยังไม่ได้ล็อกอิน คุณสามารถมีกิจกรรมร่วมกับเว็บไซต์ได้ แต่ต้องล็อกอินก่อน ::
  ล็อกอิน

รายการสื่อสารสนเทศ

ลำดับที่ ประเภท เลขเรียก/บาร์โค้ด สถานที่ สถานะ
1. วิทยาศาสตร์การแพทย์ และสุขภาพ
วิทยาศาสตร์การแพทย์ และสุขภาพ
นว. ภ160ก 2549  
  Barcode: 24724
ห้องสมุดวิทยาเขตสวรรค์ประชารักษ์
►นวนิยาย
บนชั้น
  ขอยืม

BibComment


ยังไม่เคยถูกคอมเมนท์

คอมเมนท์ทรัพยากรรายการนี้
  คอมเมนท์: กว่าจะมาเป็นรัก ..


 Copyright 2026. Bcnsprnw @Library